书目信息 |
| 题名: |
大师的投资习惯
|
|
| 作者: | 特雷恩 著 ;刘晶晶 译 | |
| 分册: | ||
| 出版信息: | 北京 中信出版社 2009 |
|
| 页数: | 272页 | |
| 开本: | 23cm | |
| 丛书名: | ||
| 单 册: | ||
| 中图分类: | F830.59 | |
| 科图分类: | ||
| 主题词: | 投资--经验--世界 , 投资 | |
| 电子资源: | ||
| ISBN: | 978-7-5086-1722-0 | |
| 000 | 01007nam0 2200277 45 | |
| 001 | 1029835683 | |
| 005 | 20100428150539.56 | |
| 010 | @a978-7-5086-1722-0@dCNY36.00 | |
| 100 | @a20100114d2009 em y0chiy50 ea | |
| 101 | 1 | @achi@ceng |
| 102 | @aCN@b110000 | |
| 105 | @ay z 000yy | |
| 106 | @ar | |
| 200 | 1 | @a大师的投资习惯@ADa Shi De Tou Zi Xi Guan@dNew money masters@f(美)约翰·特雷恩著@F( Mei ) Yue Han· Te Lei En Zhu@g刘晶晶译@zeng |
| 205 | @a2版 | |
| 210 | @a北京@c中信出版社@d2009 | |
| 215 | @a272页@d23cm | |
| 330 | @a本书是最早研究大师们的投资智慧的图书之一,对这些“股市大亨”的投资技巧作了详尽的描述,通过这些投资大师的真实故事,揭示了他们是如何玩转成百上千亿美元的资金,造就一个个神奇的财富神话的。 | |
| 510 | 0 | @aNew money masters@zeng |
| 606 | 0 | @a投资@x经验@y世界 |
| 606 | 0 | @a投资 |
| 690 | @aF830.59@v4 | |
| 701 | 1 | @a特雷恩@ATe Lei En@g(Train, John)@4著 |
| 702 | 0 | @a刘晶晶@ALiu Jing Jing@4译 |
| 801 | 0 | @aCN@bTANGWEI@c20100428 |
| 905 | @b0592859-63@dF830.59@e193=2@f5 | |
| 大师的投资习惯=New money masters/(美)约翰·特雷恩著/刘晶晶译.-2版.-北京:中信出版社,2009 |
| 272页;23cm |
| ←并列题名:New money masters |
| ISBN 978-7-5086-1722-0:CNY36.00 |
| 本书是最早研究大师们的投资智慧的图书之一,对这些“股市大亨”的投资技巧作了详尽的描述,通过这些投资大师的真实故事,揭示了他们是如何玩转成百上千亿美元的资金,造就一个个神奇的财富神话的。 |
| ● |
| 相关链接 |
|
|
|
|
正题名:大师的投资习惯
索取号:F830.59/193=2
 
预约/预借
| 序号 | 登录号 | 条形码 | 馆藏地/架位号 | 状态 | 备注 |
| 1 | 0592859 | 205928594 | 第一样本阅览室/ [索取号:F830.59/193=2] | 在馆 | |
| 2 | 0592860 | 205928601 | 第一借阅区/ [索取号:F830.59/193=2] | 在馆 | |
| 3 | 0592861 | 205928610 | 第一借阅区/ [索取号:F830.59/193=2] | 在馆 | |
| 4 | 0592862 | 205928629 | 第一借阅区/ [索取号:F830.59/193=2] | 在馆 | |
| 5 | 0592863 | 205928638 | 第一借阅区/ [索取号:F830.59/193=2] | 在馆 |